000 01011nam a2200265Ia 4500
003 OSt
005 20220923211554.0
006 a|||||r|||| 00| 0
007 ta
008 220922b |||||||| |||| 00| 0 san d
020 _a9789385538131 (hbk)
_c995
024 _a317,227
037 _b301, 09/03/2017, Eastern Book Linkers
_cTextual
040 _aARTS
_cARTS
_bsan
041 _2san
_asan
082 _aO15,1A2, 152Q6
100 _aविद्यालंकार, सुभाष, ले.
_9160808
245 0 _aमहाभारत की प्राचीन कथाएॅं
246 _ahinābhārat kī prāchīn kathāeॅan
260 _aदिल्ली
_b ज्ञानभारती पब्लिकेशन्स
_c2016
300 _a358पृ0
_ccm.
650 _aमहाभारत
942 _hO15,1A2, 152Q6
_cTEXL
_2CC
999 _c300872
_d300872